000 01601cam a22004214i 4500
003 PE-LiUPU
005 20250731173013.0
008 150623s r 000 0 d
035 _a(Sirsi) a23035
040 _aPE-LiUPU
_bspa
_cPE-LiUPU
_erda
082 0 4 _a271.3085
_bC88
_221
100 1 _aDe la Cruz, Laureano,
_eautor.
245 1 0 _aDescripción de la América austral o reinos del Perú con particular noticia de lo hecho por los franciscanos en la evangelización de aquel país.
264 1 _aLima :
_bBanco Central de Reserva del Perú, Fondo Editorial,
_c1999.
300 _a501 páginas ;
_c21 cm.
336 _atext
_2rdacontent
337 _aunmediated
_2rdamedia
338 _avolume
_2rdacarrier
504 _aIncluye bibliografía.
505 0 _aDescripción de la América austral o reinos del Perú con particular noticia de lo hecho por los franciscanos en la evangelización de aquel país.
526 _aSEG42
526 _aSEG41
526 _aSEG40
526 _aSEG39
526 _aP94
526 _aP87
526 _aP86
526 _aP85
526 _aP77
526 _aP76
526 _aP35
650 0 4 _aFranciscanos en el Perú.
942 _2ddc
_cBOOK
949 _a271.3085 C88
_wDEWEY
_c1
_i47089
_lCCODEBUL1
_mBUL
_p00.00
_r0
_sY
_tBOOK
_u2015-06-24
_xBIBLIOTECA
_zUNKNOWN
_0COMPRA
_o.STAFF. Colección General
596 _a1
999 _a271.3085 C88
_wDEWEY
_c23668
_i47089
_f2021-11-11
_g5
_lCCODEBUL1
_mBUL
_r0
_sY
_tBOOK
_u2015-6-24
_xTEOLOGIA
_zUNKNOWN
_0COMPRA
_o.STAFF. Colección General
_d23668
980 _81
_gALBERTO SANCHEZ Responsable de Automatización